Statistics for All Matilda the Musical Matildas

Click here to take the quiz!

General Stats

  • This quiz has been taken 1,778 times
  • The average score is 74 of 101

Answer Stats

HintAnswer% Correct
West End (2016)Emily-May Stephenson
88%
West End (2011)Eleanor Worthington-Cox
82%
Broadway (2013)Milly Shapiro
82%
Broadway (2013)Oona Laurence
82%
Broadway (2013)Bailey Ryon
81%
West End (2011)Cleo Demetriou
81%
West End (2012)Lara Wollington
81%
Sydney (2015)Sasha Rose
81%
Broadway (2013)Sophia Genusa
81%
Stratford-upon-Avon (2010) / West End (2011)Kerry Ingram
78%
Stratford-upon-Avon (2010)Adrianna Bertola
77%
West End (2012)Chloe Hawthorn
77%
Stratford-upon-Avon (2010)Josie Griffiths
77%
West End (2013)Elise Blake
76%
Broadway (2016)Willow McCarthy
76%
West End (2015)Anna-Louise Knight
75%
Broadway (2016)Ava Briglia
75%
Broadway (2014)Ava Ulloa
75%
Broadway (2014)Brooklyn Shuck
75%
West End (2013)Cristina Fray
75%
US National Tour (2015)Gabby Gutierrez
75%
West End (2012)Lucy-Mae Beacock
75%
US National Tour (2015)Mabel Tyler
75%
West End (2014)Matilda Shapland
75%
Broadway (2015)Mattea Conforti
75%
Broadway (2015)Rileigh McDonald
75%
Broadway (2014/2016) / US National Tour (2015)Tori Feinstein
75%
West End (2019)Zoe Simon
75%
West End (2016)Abbie Vena
74%
West End (2019)Alex Munden
74%
West End (2015)Evie Hone
74%
West End (2018)Francesca McKeown
74%
West End (2013)Georgia Pemberton
74%
West End (2015)Lara McDonnell
74%
West End (2015)Lizzie Wells
74%
West End (2014)Lottie Sicilia
74%
Broadway (2015)Mimi Ryder
74%
West End (2018)Olivia Wells
74%
Broadway (2013)Paige Brady
74%
West End (2017)Savannah Read
74%
UK and Ireland Tour (2019)Sophie Woolhouse
74%
West End (2016)Zaris-Angel Hator
74%
Broadway (2015)Alexandra Vlachos
73%
West End (2017) / UK Tour (2018)Emma Moore
73%
Broadway (2013)Gabriella Pizzolo
73%
West End (2012)Hayley Canham
73%
West End (2012)Isobelle Molloy
73%
West End (2012)Jade Marner
73%
US National Tour/ Toronto (2016)Jenna Weir
73%
West End (2017)Kitty Peterkin
73%
West End (2017)Lilian Hardy
73%
South Africa / Singapore (2019)Lilla Fleischman
73%
US National Tour (2016)Lily Brooks O'Briant
73%
West End (2017)Lily-Mae Evans
73%
West End (2013)Lollie McKenzie
73%
US National Tour (2015)Mia Sinclair Jenness
73%
Broadway (2014)Ripley Sobo
73%
West End (2019)Tilly-Raye Bayer
73%
Broadway (2014)Eliza Holland Madore
72%
West End (2017)Eva-Marie Saffrey
72%
Broadway (2014)Fina Strazza
72%
West End (2019)Hannah Selk
72%
Melbourne (2016)Ingrid Torelli
72%
Sydney (2015)Molly Barwick
72%
US National Tour (2016)Sarah Mckinley Austin
72%
West End (2016)Sara Sheen
72%
West End (2011)Sophia Kiley
72%
West End (2014)Tasha Chapple
72%
West End (2014)Violet Tucker
72%
Melbourne (2016)Alannah Parfett
71%
Broadway (2016Aviva Winick
71%
Sydney (2015)Bella Thomas
71%
West End (2014)Cara Jenkins
71%
West End (2016)Clara Read
71%
Brisbane / Perth / Adelaide / Auckland (2016)Eva Murawski
71%
Sydney (2015)Georgia Taplin
71%
Toronto (2016)Hannah Levinson
71%
Seoul (2018)Hwang Ye-Yeong
71%
West End (2018)Isobel Hubble
71%
US National Tour / Toronto (2016)Jaime MacLean
71%
Seoul (2018)Li Ji-Na
71%
UK and Ireland Tour (2019) / West End (2019)Olivia Juno Cleverley
71%
US National Tour (2015)Savannah Grace Elmer
71%
Seoul (2018)Seol Ga-Eun
71%
Melbourne (2016)Tiana Mirra
71%
Seoul (2018)Ahn So-Myeong
70%
Melbourne (2016)Dusty Bursill
70%
UK and Ireland Tour (2019)Freya Scott
70%
Brisbane / Perth / Adelaide / Auckland (2016)Izellah Connelly
70%
South Africa / Singapore (2019)Kitty Harris
70%
South Africa / Singapore (2019)Morgan Santo
70%
Singapore / China (2019)Sofia Poston
70%
UK and Ireland Tour (2018)Sophia Ally
70%
Brisbane / Peth / Adelaide / Auckland (2016)Venice Harris
70%
Brisbane / Perth / Adelaide / Auckland (2016)Annabella Cowley
69%
UK and Ireland Tour (2018)Annalise Bradbury
69%
UK and Ireland Tour (2018)Nicola Turner
69%
UK and Ireland Tour (2018)Poppy Jones
69%
UK and Ireland Tour (2018)Lara Cohen
68%
West End (2018)Sara Munday
68%
UK and Ireland Tour (2018)Scarlett Cecil
68%

Score Distribution

Percentile by Number Answered

Percent of People with Each Score

Your Score History

You have not taken this quiz